000 00686nam a22002297a 4500
005 20170124110104.0
010 _a118939
020 _c00.00
035 _a118939
037 _bCen Lib/Ret
040 _aDPL
_bEN
082 _a951
_bTAN
100 _aTang, Peter S. H.
_9107359
245 _aCommunist China today :
_cby Peter S. H.Tang
_bdomestic and foreign policies /
260 _aLondon
_bThames and Hudson
_c1957
270 _aLondon
_bLondon
300 _aix,536p.
_c22cm(Hb)
500 _aIncludes bibliographical reference and index
650 _aPolitical science
_9107360
650 _aDiplomatic relations
_9107361
942 _2ddc
_cEN
_h951
_mTAN
999 _c129917
_d129917